Democratic government in India (Record no. 423473)

000 -LEADER
fixed length control field 00353cam a22001217a 4500
008 - FIXED-LENGTH DATA ELEMENTS--GENERAL INFORMATION
fixed length control field 180718b1954 xxu||||| |||| 00| 0 eng d
082 ## - DEWEY DECIMAL CLASSIFICATION NUMBER
Classification number C4x54 Sr34
100 ## - MAIN ENTRY--PERSONAL NAME
Personal name Srinivasan, N.
245 ## - TITLE STATEMENT
Title Democratic government in India
Statement of responsibility, etc. by N. Srinivasan
260 ## - PUBLICATION, DISTRIBUTION, ETC.
Place of publication, distribution, etc. Calcutta
Name of publisher, distributor, etc. World Press
Date of publication, distribution, etc. 1954
300 ## - PHYSICAL DESCRIPTION
Extent 404p
650 ## - SUBJECT ADDED ENTRY--TOPICAL TERM
Topical term or geographic name entry element India --Politics and government --1947-
Holdings
Withdrawn status Lost status Damaged status Not for loan Permanent Location Current Location Date acquired Full call number Barcode Date last seen Price effective from Koha item type
        Indian Institute of Public Administration Indian Institute of Public Administration 2009-09-03 C4x54 Sr34 1889 2018-07-21 2018-07-21 Book

Powered by Koha